Crofters sharing in Oldshoremore Common Grazings v Trustees of Miss S N Barr (Record no. 24091)

MARC details
000 -LEADER
fixed length control field 01744cab a2200289 4500
001 - CONTROL NUMBER
control field E2047
008 - FIXED-LENGTH DATA ELEMENTS--GENERAL INFORMATION
fixed length control field 090401t1993 xxu||||| |||| 00| 0 eng d
035 ## - SYSTEM CONTROL NUMBER
System control number (Sirsi) u37240
041 ## - LANGUAGE CODE
Language code of text/sound track or separate title eng
245 ## - TITLE STATEMENT
Title Crofters sharing in Oldshoremore Common Grazings v Trustees of Miss S N Barr
260 ## - PUBLICATION, DISTRIBUTION, ETC.
Date of publication, distribution, etc. 1993
350 ## - PRICE (NR) (BK AM CF MU VM SE) [OBSOLETE]
Price 0
490 ## - SERIES STATEMENT
Series statement SLC
Volume/sequential designation 1993 R 56-84(29)
520 ## - SUMMARY, ETC.
Summary, etc. SLC Application Sutherland RN 485. Opinion of the Court of Session dated 21 May 1993 and Order of the Land Court dated 22 November 1993. The landlords of a common grazing applied to the Court for authority to resume part of the common grazings for the purpose of leasing the area in question to the local authority for the extraction of gravel. At the hearing before the Full Court of the Land Court (reported at 1991 SLCR 121 ) the agent for the crofters submitted that the application fell to be considered in terms of section 9(2) of the Crofting Reform (Scotland) Act 1976 in that the primary purpose was that of leasing the land which was to be carried out by the landlord applicants themselves and not for the purpose of gravel extraction which is to be carried out by the local authority. The Court rejected that argument and held that the purpose for which resumption had been authorised was for leasing for gravel extraction and accordingly the share in the development value fell to be de
650 ## - SUBJECT ADDED ENTRY--TOPICAL TERM
Topical term or geographic name entry element COMMON GRAZINGS
650 ## - SUBJECT ADDED ENTRY--TOPICAL TERM
Topical term or geographic name entry element CROFTING
650 ## - SUBJECT ADDED ENTRY--TOPICAL TERM
Topical term or geographic name entry element DEVELOPMENT VALUE
650 ## - SUBJECT ADDED ENTRY--TOPICAL TERM
Topical term or geographic name entry element GRAVEL EXTRACTION
650 ## - SUBJECT ADDED ENTRY--TOPICAL TERM
Topical term or geographic name entry element RESUMPTION
650 ## - SUBJECT ADDED ENTRY--TOPICAL TERM
Topical term or geographic name entry element SCOTLAND
650 ## - SUBJECT ADDED ENTRY--TOPICAL TERM
Topical term or geographic name entry element SCOTTISH LAND COURT
650 ## - SUBJECT ADDED ENTRY--TOPICAL TERM
Topical term or geographic name entry element SLC
690 ## - LOCAL SUBJECT ADDED ENTRY--TOPICAL TERM (OCLC, RLIN)
Topical term or geographic name as entry element LANDLORD AND TENANT-CASE LAW-AGRICULTURAL TENANCIES
690 ## - LOCAL SUBJECT ADDED ENTRY--TOPICAL TERM (OCLC, RLIN)
Topical term or geographic name as entry element MINING AND MINERALS
942 ## - ADDED ENTRY ELEMENTS (KOHA)
Suppress in OPAC 0
948 ## - LOCAL PROCESSING INFORMATION (OCLC); SERIES PART DESIGNATOR (RLIN)
c (OCLC) 04/03/1997
Holdings
Withdrawn status Lost status Source of classification or shelving scheme Damaged status Not for loan Home library Current library Shelving location Date acquired Total Checkouts Full call number Barcode Date last seen Copy number Price effective from Koha item type
    Dewey Decimal Classification     London London Journal article 14/09/1999   E2047 37240-1001 06/08/2019 1 06/08/2019 Law report